Příklady úspěšných aplikací e-learningu do vzdělávacího procesu na středních a vysokých školách v ČR

Príklady využitia e-learningu pre podporu výučby na stredných školách a úlohu ICT koordinátorov na SŠ. E-learning na univerzitách v ČR. Ukážka podpory vzdelávania študentov so zdravotným obmedzením, podpora celoživotného vzdelávania ale aj interuniverzitné štúdium.

Salvato in:
Dettagli Bibliografici
Autore principale: Eger, Ludvík
Natura: Capitolo di libro
Lingua:ceco
Soggetti:
Tags: Aggiungi Tag
Nessun Tag, puoi essere il primo ad aggiungerne!!

MARC

LEADER 00000naa$a2200000$$$4500
001 0088390
005 20231010124811.5
041 0 |a cze 
044 |a SK 
245 1 0 |a Příklady úspěšných aplikací e-learningu do vzdělávacího procesu na středních a vysokých školách v ČR  |c Ludvík Eger 
520 |a Príklady využitia e-learningu pre podporu výučby na stredných školách a úlohu ICT koordinátorov na SŠ. E-learning na univerzitách v ČR. Ukážka podpory vzdelávania študentov so zdravotným obmedzením, podpora celoživotného vzdelávania ale aj interuniverzitné štúdium. 
610 2 0 |a vzdelávanie elektronické 
610 2 0 |a školy stredné 
610 2 0 |a školy vysoké 
610 2 0 |a vyučovanie 
610 2 0 |a vzdelávanie 
100 1 |a Eger, Ludvík